ՀՀ Գիտությունների ազգային ակադեմիայի հիմնարար գիտական գրադարան  =   Fundamental Scientific Library of NAS RA

Отверженные : (Record no. 476562)

MARC details
000 -LEADER
fixed length control field 00940nam a2200241 a 4500
001 - CONTROL NUMBER
control field 000142308
003 - CONTROL NUMBER IDENTIFIER
control field AM-YeHGA
005 - DATE AND TIME OF LATEST TRANSACTION
control field 20250618075604.0
008 - FIXED-LENGTH DATA ELEMENTS--GENERAL INFORMATION
fixed length control field 030329s1948 ||||||||||||||||||||rus d
040 ## - CATALOGING SOURCE
Original cataloging agency AM-YeHGA
090 ## - LOCALLY ASSIGNED LC-TYPE CALL NUMBER (OCLC); LOCAL CALL NUMBER (RLIN)
-- 479857
100 1# - MAIN ENTRY--PERSONAL NAME
Personal name Հյուգո, Վիկտոր,
Dates associated with a name 1802-1885
9 (RLIN) 5858
245 10 - TITLE STATEMENT
Title Отверженные :
Remainder of title Роман : [Пер. с фр.] : /
Statement of responsibility, etc. В. Гюго ; [Коммент. С. Брахман ; Худож. Б. Свешников. Пер. под ред. С. Рошаль].
246 31 - VARYING FORM OF TITLE
Title proper/short title Les miserables
260 ## - PUBLICATION, DISTRIBUTION, ETC.
Place of publication, distribution, etc. Москва :
Name of publisher, distributor, etc. Гослитиздат,
Date of publication, distribution, etc. 1948.
300 ## - PHYSICAL DESCRIPTION
Extent т.
505 00 - FORMATTED CONTENTS NOTE
Miscellaneous information Т. 1 (1948, 778 с.)
-- Т. 2 (1948, 571 с.)
650 14 - SUBJECT ADDED ENTRY--TOPICAL TERM
Topical term or geographic name entry element Ֆրանսիական գրականություն
General subdivision Роман
700 1# - ADDED ENTRY--PERSONAL NAME
Personal name Брахман, С.
Relator term коммент.
Relationship cmm
700 1# - ADDED ENTRY--PERSONAL NAME
Personal name Свешников, Б.
Relator term худож.
Relationship art
700 1# - ADDED ENTRY--PERSONAL NAME
Personal name Рошаль, С.
Relator term ред.
Relationship edt
942 ## - ADDED ENTRY ELEMENTS (KOHA)
Source of classification or shelving scheme Universal Decimal Classification
Koha item type Գրքեր / Books
Holdings
Withdrawn status Lost status Source of classification or shelving scheme Damaged status Not for loan Collection Home library Current library Date acquired Serial enumeration / chronology Total checkouts Full call number Barcode Date last seen Price effective from Koha item type Public note
    Universal Decimal Classification     General Fundamental Scientific Library Fundamental Scientific Library 10/10/2018 Т. 1   РД II/9469 FL0524800 10/10/2018 10/10/2018 Գրքեր / Books 30 Days Loan
    Universal Decimal Classification     General Fundamental Scientific Library Fundamental Scientific Library 10/10/2018 Т. 2   РД II/9470 FL0524801 10/10/2018 10/10/2018 Գրքեր / Books 30 Days Loan


ՀՀ ԳԱԱ հիմնարար գիտական գրադարան
ՀՀ,Երևան 0019
Մարշալ Բաղրամյան 24/6
հեռախոս:(374-10) 52-47-50
Հետադարձ կապ

All site content, except where otherwise noted, is licensed under a
Creative Commons License